Dinge die mit F anfangen (Kenshin Edition) - Statistiken

Allgemein
  • Dieses Quiz wurde 305 mal gespielt
  • Das Durchschnittsergebnis liegt bei 10 aus 16
Antwortstatistiken
Bildquiz Antwort % Korrekt
Finnland
99%
Frankreich
99%
Frosch
99%
Flamingo
98%
Fichte
91%
Florida
91%
Fanta
89%
Fuji
74%
Fidschi
73%
Frankfurt
58%
Frau
48%
Feuerfisch
42%
Final Fantasy
20%
Fukuoka
14%
Fichtenbock
3%
Fujin
3%
Keine übereinstimmenden Quizze gefunden
Verteilung der Resultate
Anzahl Personen mit jedem Resultat
Perzentil nach korrekt beantworteten Fragen
Ihre Resultats-Entwicklung
Sie haben dieses Quiz noch nicht gespielt